Państwa świata po szczytach gór z podpowiedziami - Statystyki

Ogólne statystyki
  • Ten quiz został rozwiązany 17 razy
  • Średni wynik to 62 z 191
Odpowiedzi na mapie
Odpowiedzi zakodowano w zielono-czerwonej skali na mapie do tego quizu, zgodnie z poniższymi procentami.
 
Statystyki odpowiedzi
Pierwsza
Litera
Państwo Góra % Poprawnych
C/N Chiny/Nepal Mount Everest (8848m)
100%
P Pakistan K2 (8611m)
100%
I Indie Kanczendzonga (8586m)
94%
A Argentyna Aconcagua (6961m)
75%
B Bhutan Gangkhar Puensum (7570m)
75%
T Tadżykistan Szczyt Ismaila Samaniego (7495m)
75%
C Chile Ojos del Salado (6893m)
69%
F/W Francja/Włochy Mont Blanc (4806m)
69%
P Peru Huascarán (6768m)
69%
R Rosja Elbrus (5642m)
69%
A Afganistan Noszak (7492m)
63%
B Boliwia Sajama (6542m)
63%
E Ekwador Chimborazo (6267m)
63%
J Japonia Fudżi (3776m)
63%
K Kanada Logan (5966m)
63%
K Kenia Kenia (5199m)
63%
P Polska Rysy (2499m)
63%
S Stany Zjednoczone Denali (McKinley) (6194m)
63%
T Tanzania Kilimandżaro (5895m)
63%
U Uzbekistan Khazret Sultan (4643m)
63%
W Wenezuela Pico Bolívar (4981m)
63%
D Dania (Grenlandia) Góra Gunnbjørna (3694m)
56%
D/U Demokratyczna Republika Konga/Uganda Góra Stanleya (5109m)
56%
G Gruzja Szchara (5193m)
56%
I Indonezja Puncak Jaya (4884m)
56%
I Iran Demawend (5610m)
56%
J Jemen Dżabal an-Nabi Szuajb (3666m)
56%
K Kazachstan Chan Tengri (7010m)
56%
K Kirgistan Szczyt zwycięstwa (7439m)
56%
M Meksyk Orizaba (5636m)
56%
N Nowa Zelandia Góra Cooka (3754m)
56%
T Turcja Ararat (5137m)
56%
A Australia (Wyspa Heard) Mawson Peak (2745m)
50%
E Etiopia Ras Daszan (4550m)
50%
G Gwatemala Tajumulco (4220m)
50%
I Irak Cheekha Dar (3611m)
50%
K Kolumbia Simón Bolívar/Cristóbal Colón (5775m)
50%
O Oman Dżabal Szams (2980m)
50%
S Szwajcaria Dufourspitze (4634m)
50%
W Wietnam Phan Xi Păng (3143m)
50%
A Arabia Saudyjska Dżabal as-Sauda (3133m)
44%
A Austria Grossglockner (3798m)
44%
A Azerbejdżan Bazardüzü (4485m)
44%
C Czechy Śnieżka (1603m)
44%
D Dominikana Pico Duarte (3098m)
44%
J Jordania Dżabal Umm ad-Dami (1854m)
44%
R Rumunia Moldoveanu (2544m)
44%
R Rwanda Karisimbi (4507m)
44%
S Słowacja Gerlach (2655m)
44%
T Tuvalu Nienazwany szczyt na wyspie Niulakita (4.6m)
44%
W Watykan Wzgórze Watykańskie (75m)
44%
B Brazylia Pico da Neblina (2994m)
38%
C Czad Emi Kussi (3415m)
38%
E Erytrea Soira (3018m)
38%
G Grecja Mytikas (2917m)
38%
H Haiti Pic la Selle (2680m)
38%
H Honduras Cerro Las Minas (2870m)
38%
I Islandia Hvannadalshnúkur (2110m)
38%
K Kosowo Djeravica (2656m)
38%
K Kostaryka Cerro Chirripó (3820m)
38%
L Laos Phou Bia (2819m)
38%
L Liban Kurnat as-Sauda (3088m)
38%
L Libia Bikku Bitti (2267m)
38%
L Liechtenstein Grauspitz (2599m)
38%
M Mongolia Chujten (4374m)
38%
N Niemcy Zugspitze (2962m)
38%
N Norwegia Galdhøpiggen (2469m)
38%
T Tajwan Yu Shan (3952m)
38%
U Ukraina Howerla (2061m)
38%
V Vanuatu Mount Tabwemasana (1877m)
38%
Z Zambia Mafinga (Central) (2339m)
38%
Z Zimbabwe Inyangani (2592m)
38%
A/M Albania/Macedonia Północna Golem Korab (2764m)
31%
A Algieria Tahat (3003m)
31%
B Bośnia i Hercegowina Maglić (2386m)
31%
B Bułgaria Musała (2925m)
31%
C Chorwacja Vrh Dinare (1831m)
31%
C Czarnogóra Zla Kolata (2534m)
31%
F Filipiny Apo (2954m)
31%
H Hiszpania Pico de Teide (3718m)
31%
J Jamajka Blue Mountain Peak (2256m)
31%
K Kambodża Phnum Aôral (1813m)
31%
K Kamerun Fako (4095m)
31%
K Korea Północna Pektu-san (2744m)
31%
M Malawi Sapitwa (3002m)
31%
M Maroko Dżabal Tubkal (4167m)
31%
P Panama Volcan de Chiriqui (3475m)
31%
P Papua Nowa-Gwinea Góra Wilhelma (4509m)
31%
S Słowenia Triglav (2864m)
31%
S Somalia Shimbiris (2450m)
31%
S Szwecja Kebnekaise (2097m)
31%
T Turkmenistan Ajribaba (3139m)
31%
W Wielka Brytania (Georgia Południowa) Mount Paget (2915m)
31%
W Wyspy Świętego Tomasza i Książeca Pico de São Tomé (2024m)
31%
Z Zjednoczone Emiraty Arabskie Dżabal al-Dżajs (1910m)
31%
A Andora Coma Pedrosa (2942m)
25%
A Angola Morro de Môco (2620m)
25%
A Armenia Aragac (4090m)
25%
B Białoruś Góra Dzierżyńska (345m)
25%
C Cypr Olimbos (1951m)
25%
D Dżibuti Musa Ali (2028m)
25%
E Estonia Suur Munamägi (317m)
25%
F Finlandia Ridnitsohkka (1317m)
25%
G Gwinea Równikowa Pico Basile (3011m)
25%
G/W Gwinea/Wybrzeże Kości Słoniowej Nimba (1752m)
25%
H Holandia (Saba) Mount Scenery (877m)
25%
I Irlandia Carrantuohill (1039m)
25%
K Kuba Turqino (1974m)
25%
L Lesotho Thabana Ntlenyana (3482m)
25%
L Litwa Aukštojas (294m)
25%
Ł Łotwa Gaiziņkalns (312m)
25%
M Malediwy Nienazwany szczyt na wyspie Wilingili (5.1m)
25%
M Malezja Kinabalu (4101m)
25%
M Mjanma Hkakabo Razi (5881m)
25%
N Namibia Königstein (2606m)
25%
N Niger Mont Idoukal-n-Taghès (2022m)
25%
N Nigeria Chappal Waddi (2419m)
25%
R Republika Południowej Afryki Mafadi (3450m)
25%
R Republika Zielonego Przylądka Pico do Fogo (2849m)
25%
S Salwador El Pital (2730m)
25%
S Sri Lanka Pidurutalagala (2524m)
25%
S Sudan Południowy Kinyeti (3187m)
25%
T Tajlandia Doi Inthanon (2565m)
25%
U Urugwaj Catedral (513m)
25%
W Węgry Kékes (1014m)
25%
B Bahrajn Dżabal ad-Duchan (134m)
19%
B Burundi Heha (2684m)
19%
D Dominika Morne Diablotins (1447m)
19%
E Egipt Góra Świętej Katarzyny (2629m)
19%
F Fidżi Mount Victoria (1324m)
19%
G Gabon Mont Bengoué (1070m)
19%
G Gujana Roraima (2810m)
19%
K Katar Kurajn Abu al-Baul (103m)
19%
K Kiribati Nienazwany szczyt na wyspie Banaba (81m)
19%
K Komory Kartala (2361m)
19%
K Korea Południowa Halla-san (1950m)
19%
L Liberia Mount Wuteve (1440m)
19%
M Madagaskar Maromokotro (2876m)
19%
M Mozambik Binga (2436m)
19%
N Nauru Command Ridge (71m)
19%
N Nikaragua Mogoton (2107m)
19%
P Palau Mount Ngerchelchuus (242m)
19%
P Portugalia Pico (2351m)
19%
S Saint Kitts i Nevis Mount Liamuiga (1156m)
19%
S Saint Lucia Mount Gimie (950m)
19%
S Saint Vincent i Grenadyny Soufrière (1220m)
19%
S Samoa Mauga Silisili (1858m)
19%
S Serbia Midżur (2169m)
19%
S Seszele Morne Seychellois (905m)
19%
S Singapur Bukit Timah (163m)
19%
S Sudan Deriba Caldera (3042m)
19%
S Syria Hermon (2814m)
19%
T Timor Wschodni Foho Tatamailau (2963m)
19%
T Togo Mont Agou (986m)
19%
T Tonga Nienazwany szczyt na wyspie Kao (1033m)
19%
W Wyspy Salomona Mount Popomanaseu (2335m)
19%
A Antigua i Barbuda Boggy Peak (402m)
13%
B Bahamy Mount Alvernia (63m)
13%
B Bangladesz Mowdok (1052m)
13%
B Barbados Mount Hillaby (336m)
13%
B Belgia Signal de Botrange (694m)
13%
B Belize Doyle’s Delight (1124m)
13%
B Botswana Monalanong Hill (1494m)
13%
B Brunei Bukit Pagon (1850m)
13%
E Eswatini Emlembe (1862m)
13%
G Gambia Red Rock (53m)
13%
G Grenada Mount Saint Catherine (840m)
13%
G Gwinea Bissau Dongol Rondè (303m)
13%
I Izrael Meron (1208m)
13%
K Kongo Mont Nabeba (1020m)
13%
K Kuwejt Mutla (306m)
13%
L Luksemburg Kneiff (560m)
13%
M Mali Hombori Tondo (1153m)
13%
M Malta Ta’ Dmejrek (253m)
13%
M Mauretania Kidjat Idżdżil (915m)
13%
M Mauritius Piton de la Petite Rivière Noire (828m)
13%
M Mikronezja Mount Nanlaud (782m)
13%
M Mołdawia Dealul Bălăneşti (430m)
13%
M Monako Chemin des Révoires (162m)
13%
P Paragwaj Cerro Peró (842m)
13%
R Republika Środkowoafrykańska Mont Ngaoui (1410m)
13%
S Sierra Leone Bintumani (1948m)
13%
S Surinam Juliana Top (1280m)
13%
T Trynidad i Tobago El Cerro del Aripo (940m)
13%
T Tunezja Dżabal asz-Szanabi (1544m)
13%
W Wyspy Marshalla Nienazwany szczyt na Likiep (10m)
13%
B Benin Sokbaro (658m)
6%
B Burkina Faso Pic de Nakourou (749m)
6%
G Ghana Mount Afadjato (885m)
6%
S San Marino Monte Titano (739m)
6%
S Senegal Baunez Ridge (648m)
6%
Nie znaleziono quizów pasujących do podanych kryteriów
Rozkład punktacji
Procent ludzi z każdym wynikiem
Percentyl według liczby udzielonych odpowiedzi
Twoja historia wyników
Nie rozwiązałeś tego quizu